Dairy Cow Breed Quiz - Statistics

General Stats
  • This quiz has been taken 145 times
  • The average score is 8 of 12
Answer Stats
Hint Answer % Correct
Makes up at least 90% of dairy cows in the U.S.A Holstein
91%
Originated from the Netherlands Holstein
91%
Is the same breed as the Chic-fil-A cow Holstein
91%
Smallest breed Jersey
89%
Makes milk with the highest butterfat content Jersey
89%
Has the longest gestation period Brown Swiss
63%
Makes milk with the highest protein content Brown Swiss
63%
Can weigh the most at 1500 lbs. Brown Swiss
63%
This breed has an exceptionally high beta-carotene content in their milk Guernsey
62%
Originated from Scotland Ayrshire
38%
Can have the color roan Milking Shorthorn
38%
Headquarters are located in Clinton, Wisconsin Red and White Holstein
14%
No matching quizzes found
Score Distribution
Percent of People with Each Score
Percentile by Number Answered
Your Score History
You have not taken this quiz